000 00656cab a2200253 4500
001 WB2824-05
008 090401t1992 xxu||||| |||| 00| 0 eng d
035 _a(Sirsi) u39037
041 _aeng
245 _aCapital`s 900 acres of vacant offices
260 _c1992
350 _a0
490 _aDaily Telegraph
_v15 June 1992, 4(1)
520 _aDiscusses the problems of empty office space in London.
650 _aEMPTY OFFICES
650 _aFLOOR SPACE
650 _aLONDON
650 _aOVERSUPPLY
650 _aRECESSION
650 _aSUPPLY AND DEMAND
690 _aPROPERTY-COMMERCIAL PROPERTY
942 _n0
948 _c04/03/1997
999 _c25030
_d25030